| 000 | 01223nam a2200277 i 4500 | ||
|---|---|---|---|
| 001 | 185513 | ||
| 003 | SpMaBN | ||
| 005 | 20250716063339.0 | ||
| 008 | 160615r19981889sp h |||| |dspa d | ||
| 020 | _a84-7900-087-2 | ||
| 080 | _a133.5:54(460)(093) | ||
| 100 | 1 |
_aLuanco, José Ramón de, _d1825-1905 _974486 |
|
| 245 | 1 | 3 |
_aLa alquimia en España / _cJosé Ramón de Luanco ; [nota preliminar, P.S.F. (Pere Sánchez Ferré)]. |
| 250 | _a1ª ed. | ||
| 260 |
_aBarcelona : _bAlta Fulla, _c1998. |
||
| 300 |
_aX, 237 p., 288 p. ; _c16 cm. |
||
| 490 | 1 |
_aAd litteram ; _v4. _aLa forja de Vulcano |
|
| 500 | _aÍndices. | ||
| 534 |
_pReprod. facs. de los 2 v. de. _t"La alquimia en España: escritos inéditos, noticias y apuntamientos que pueden servir para la historia de los adeptos españoles", _cBarcelona: Imp. de Fidel Giró, 1889 [t. I] e Imp. de Redondo y Xumetra, 1897 [t. II] |
||
| 598 | _aLa forja de Vulcano, dir. por Pere Sánchez Ferré. | ||
| 650 | 7 |
_aAlquimia- _zEspaña. _9159866 |
|
| 700 | 1 |
_aSánchez Ferré, Pere. _9102641 |
|
| 830 | 0 |
_aAd litteram ; _v4. _aLa forja de Vulcano _9225230 |
|
| 852 |
_aES-MaACL _jL-30402 _z. - Donat. Miguel A. Velasco |
||
| 999 |
_c185513 _d185513 |
||